000 00309nam a22001457a 4500
008 230911b ||||| |||| 00| 0 eng d
020 _a052125714x
041 _aeng
080 _a521
082 _a521MAL
100 _a19
101 _aASTRO
245 _aCOLOURS OF THE STARS
_cMALIN.D
942 _2udc
_cBK
999 _c60309
_d60309